| 000 | 00561nam a22001815i 4500 | ||
|---|---|---|---|
| 001 | 157962 | ||
| 003 | ES-MaACL | ||
| 005 | 20230906210923.0 | ||
| 008 | 940301s1873 gw |||| | eng d | ||
| 040 |
_aAS _bspa |
||
| 100 | 1 |
_aLongfellow, Henry Wadsworth. _973236 |
|
| 245 | 1 | 0 |
_aFlower-de-luce _b: ; and Three books of song / _cby Henry Wadsworth Longfellow. |
| 250 | _aAuthorized ed. | ||
| 260 |
_aLeipzig : _bBernhard Tauchnitz, _c1873. |
||
| 300 |
_a255 p. ; _c16 cm. |
||
| 752 |
_aAlemania - _d, Leipzig |
||
| 852 |
_aES-MaACL _jG-12643 _z-- Enc. hol. |
||
| 999 |
_c157962 _d157962 |
||